| 000 | 00869cam a22002533a 4500 | ||
|---|---|---|---|
| 001 | 773 | ||
| 003 | PGUSA | ||
| 005 | 20140828082952.0 | ||
| 008 | 970101s1997||||xxu|||||s|||||000 1 eng d | ||
| 040 |
_aPGUSA _beng |
||
| 042 | _adc | ||
| 050 | 4 | _aPR | |
| 100 | 1 |
_aWilde, Oscar, _d1854-1900 |
|
| 245 | 1 | 0 |
_aLord Arthur Savile's Crime; The Portrait of Mr. W.H., and other stories _h[electronic resource] / _cOscar Wilde |
| 260 |
_bProject Gutenberg, _c1997 |
||
| 505 | 0 | _aLord Arthur Savile's Crime -- The Canterville Ghost -- The Sphinx Without a Secret -- The Model Millionaire -- The Portrait of Mr. W. H. | |
| 506 | _aPublic domain in the USA. | ||
| 516 | _aElectronic text | ||
| 653 | _aManners and customs -- Fiction | ||
| 653 | _aShort stories, English | ||
| 830 | 0 |
_aProject Gutenberg _v773 |
|
| 856 | 4 | 0 | _uhttp://www.gutenberg.org/ebooks/773 |
| 942 | _cEB | ||
| 999 |
_c230124 _d230124 |
||